000 005640000a22001810004500
003 MACL
005 20160401123009.0
008 160401b xxu||||| |||| 00| 0 eng d
040 _aMACL
_cMACL
041 _aHindi
082 _a370
100 _aअनुराधा के रामचन्‍द्रन
_949554
245 _aगणित सबके लिए
_bज्‍यामिति
260 _bअरूणोदय प्रकाशन
_c2004
_aदिल्‍ली
350 _a100
650 _aEducation
_949555
942 _cHIN
_k370
_2ddc
999 _c11288
_d11288